000
00230 a2200097 4500
001
37419
100
_a
Lall Ramji
245
_a
The winter Tale (Shakespeare)
260
_a
New Delhi
_b
Surjeet Publishers
_c
090
_c
23887
_d
23887
942
_a
NUST-CAE
_c
M
_c
15432
999
_c
272492
_d
272492